00466nam a2200157Ia 4500008004100000020001500041082001500056100002200071245004600093250000700139260004300146300002900189500001900218600002100237650005000258240925s9999 xx 000 0 und d a8176352322 a005.711FLO aFoleyl ,Michae W. 0aJFC Unleashed: the comprehensive solution aNA aIndianapolis:bSAMS Publishingc,1999. axiii,246p.bNAfOriginal aIncludes Index aComputer Science aComputer science, information & general works